000 01176ngm a22003730a 4500
001 PT43885
003 AR-LpoUNG
005 20210201235943.0
007 vd cvaizq
008 191001s[201||||ag |||||||||||||||||spa d
037 _c$10
040 _aAR-LpoUNG
_bspa
_cAR-LpoUNG
_eaacr
041 _aspa
044 _aag
082 0 _a302.1 617v1
100 1 _aBirri, Fernando
_edir.
245 1 0 _aTire dié
260 _aRosario :
_bISCAA - ATE,
_c[2011].
300 _aDVD (33 min.) : son., byn
505 0 _aHecha en 1960. - Argumento, guión y fotografía: Fernando Birri.- Sonido: Mario Fezia. - Montaje: Antonio Ripoll
520 _aA través de una serie de entrevistas se denuncia la situación social y económica de una barrio pobre, el suburbio del Tire Dié, con su cruda realidad y sus expectativas vistas en la lucha cotidiana para la sobrevivencia.
650 4 _aARGENTINA
650 4 _aJUVENTUD
650 4 _aMARGINALIDAD
650 4 _aPOBREZA
650 4 _aPROBLEMAS SOCIALES
651 4 _aArgentina
653 _aCINE ARGENTINO
653 _aDOCUMENTALES
653 _aDVD
653 _aVIDEOS
905 _a43885
942 _cDVD
999 _c53831
_d53831